000 00497nam a22001577a 4500
003 macl
005 20241024124918.0
008 241024b |||||||| |||| 00| 0 eng d
040 _cmacl
082 _a891.433/MIT
100 _aबिमल ,मित्र
_982893
245 _aखरीदी कौडियो के मोल 2
260 _aप्रयगराज
_bलोकभारती पब्लिकैशन
_c2020
650 _aउपन्यास
942 _2ddc
_cHIN
999 _c67628
_d67628